A kormányzó úr őfőméltósága vállalta az Egyetemi Bál legmagasabb védnökségét [rövid hír]
Elmentve itt :
| Dokumentumtípus: | Cikk |
|---|---|
| Megjelent: |
1941-01-12
|
| Sorozat: | Délmagyarország
17 No. 9 |
| Kulcsszavak: | Horthy Miklós, Egyetemi bál 1941 |
| Online Access: | http://dmarchiv.bibl.u-szeged.hu/33546 |
| LEADER | 00496nab a2200145 i 4500 | ||
|---|---|---|---|
| 001 | delm33546 | ||
| 005 | 20180927105615.0 | ||
| 008 | 180927s1941 hu o 0|| hun d | ||
| 040 | |a SZTE Délmagyarország Archívum |b hun | ||
| 041 | |a hun | ||
| 245 | 0 | 2 | |a A kormányzó úr őfőméltósága vállalta az Egyetemi Bál legmagasabb védnökségét |h [elektronikus dokumentum] : |b [rövid hír] |
| 260 | |c 1941-01-12 | ||
| 300 | |a 9 | ||
| 490 | 0 | |a Délmagyarország |v 17 No. 9 | |
| 695 | |a Horthy Miklós, Egyetemi bál 1941 | ||